| 000 | 00581nam a22002057a 4500 | ||
|---|---|---|---|
| 003 | OSt | ||
| 005 | 20170518102957.0 | ||
| 008 | |||
| 020 | _a1571104054 | ||
| 040 |
_aMMU _cMMU _dMMU _beng |
||
| 050 | 0 | 0 | _aLB1027.D245 2005 |
| 100 | 1 | _aDaniels, Harvey, | |
| 245 | 1 | 0 |
_aTeaching the best practice way : _bMethods that matter, K-12 / _cHarvey Daniels. |
| 260 |
_aPortland, Me. : _bStenhouse Publishers, _cc2005. |
||
| 300 | _axv, 343 p. : | ||
| 500 | _aIncludes bibliographical references and index. | ||
| 650 | 0 | _aTeaching. | |
| 700 | 1 | _aMarilyn Bizar | |
| 942 |
_2lcc _cLOAN LOAN |
||
| 999 |
_c23659 _d23659 |
||